000 00824nam a2200265 a 4500
001 BRCA_3649
005 20190320204352.0
008 270809m19581959fr-a---###---#000-0#fre-#
041 _afre
044 _afr
050 4 _aN2030
_b.M47 1958
245 1 0 _aLes Merveilles du Louvre
_couvrage concu et dirige par Stephane Faniel ; realise par Pierre Levallois...[et al.].
260 _aParís
_bHachette
_c1958-1959
300 _a2 v.
_bil.
_c33 cm.
440 0 _aCollection Realites
_vv. xiii
_99462
500 _aLa biblioteca solo cuenta con el v.2
500 _aB319
610 2 4 _aMusee National du Louvre (París)
_99302
650 1 4 _aArte
_zParís
_99463
650 1 4 _aGalerías y museos
_zFrancia
_97839
700 1 _aFaniel, Stephane
_99464
700 1 _aLevallois, Pierre
_99465
902 _aGFM
942 _2lcc
_cB
999 _c3384
_d3384